00472nam a22001577a 450000500170000001000150001702000260003203500140005803700090007208200110008110000230009224500760011526000420019127000520023330000290028520250604145315.0 aENG-145191 a9788126921188c895.00 aEN-128723 bDBAD14a954.05 aPuranik, Rajnikant1 aFoundation Of Miser:bBlunders of The Nehruvian Era/cRajnikant Puranik aNew DelhibAtlantic publishersc2016 a7/22, Ansari road,DaryaganjbNew Delhie110002 axiii, 457p.c22 cm. (Hb)